[Event "Pan American-ch Amateur U1700"]
[Site "San Jose"]
[Date "2019.10.23"]
[Round "2.2"]
[White "Ruiz Gonzales, Francisco Rene"]
[Black "Navarrete Badilla, Myckel"]
[Result "1-0"]
[WhiteElo "1667"]
[BlackElo "1362"]
[PlyCount "37"]
[EventDate "2019.10.23"]
[EventType "swiss"]
[EventRounds "9"]
[EventCountry "CRI"]
[SourceTitle "EXT 2024"]
[Source "ChessBase"]
[SourceDate "2023.10.10"]
[SourceVersion "1"]
[SourceVersionDate "2023.10.10"]
[SourceQuality "1"]

1. d4 d5 2. Nf3 Nf6 3. c4 c6 4. Nc3 e6 5. Bg5 Nbd7 6. e3 h6 7. Bh4 Bd6 8. cxd5 cxd5 9. Bd3 0-0 10. 0-0 Re8 11. Rc1 Qe7 12. Nb5 Bb8 13. Nc7 Bxc7 14. Rxc7 g5 15. Bg3 Nh5 16. Ne5 Nxg3 17. fxg3 Qd6 18. Bh7+ Kxh7 19. Rxf7+ 1-0